Sports Quiz

Random Sports or Football Quiz

NFL Starting QBs (Cincinnati Bengals) Quiz Stats

 Plays Quiz Updated Jan 4, 2021

Support Sporcle.
Go Orange.
Score 0/13 Timer 04:00
11 Plays Today
Starts Player % Correct
133Andy Dalton
94.2%
97Carson Palmer
92.7%
10Joe Burrow
87.5%
17Akili Smith
58.7%
46Jon Kitna
55.6%
3A.J. McCarron
55%
5Brandon Allen
45%
4Ryan Finley
44.2%
12Ryan Fitzpatrick
34.6%
12Jeff Blake
31.2%
5Jeff Driskel
29.8%
3Gus Frerotte
12.5%
5Scott Mitchell
11%

From the Vault

Animals Mentioned in the Bible

by Smyth18

Religion 10m
We double-checked, no unicorns here.
Remove Ads.
Support Sporcle.
Get the best of Sporcle when you Go Orange. This ad-free experience offers more features, more stats, and more fun while also helping to support Sporcle. Thank you for becoming a member.

Show Comments

Extras

Top Quizzes Today


Score Distribution

Your Account Isn't Verified!

In order to create a playlist on Sporcle, you need to verify the email address you used during registration. Go to your Sporcle Settings to finish the process.

Report this User

Report this user for behavior that violates our Community Guidelines.

Details: